000 00407nam a2200121Ia 4500
008 220615s9999||||xx |||||||||||||| ||und||
245 0 _aTelomerase and non-Telomerase Mechanisms of Telomere Maintenance
546 _aEnglish[eng]
650 _aCellular biology (cytology)
700 _aMorrish, Tammy A.
856 _uhttps://mts.intechopen.com/storage/books/6986/authors_book/authors_book.pdf
942 _cEB
999 _c14012
_d14012